[Event "IM Marmaris Karia X 2019"]
[Site "Marmaris"]
[Date "2019.09.02"]
[Round "9.1"]
[White "Tarlabasi, Emirhan"]
[Black "Darban, Morteza"]
[Result "1-0"]
[WhiteElo "2341"]
[BlackElo "2283"]
[Annotator "TA"]
[PlyCount "85"]
[EventDate "2019.09.02"]
[EventType "schev"]
[EventCountry "TUR"]
[SourceTitle "playchess.com"]
[Source "ChessBase"]
[SourceQuality "1"]

{[%evp 18,85,19,9,15,0,28,28,29,35,32,4,30,32,39,40,40,29,32,32,37,37,36,38,114,114,126,113,108,104,154,156,180,177,225,221,202,221,227,218,256,237,258,150,160,146,192,168,195,191,191,186,173,159,160,162,354,330,301,347,346,347,332,340,517,526,600,591,562,532]} 1. d4 d6 2. c4 e5 3. Nf3 Nc6 4. Nc3 exd4 5. Nxd4 Bd7 6. e3 Nf6 7. Be2 g6 8. O-O Bg7 9. b3 O-O 10. Bb2 Re8 {A15: English Opening: 1...Nf6} 11. Bf3 (11. Nf3 Ne5 12. Qd2 Bc6 13. Nd4 a6 14. Rad1 Bd7 15. Nd5 c5 16. Nf3 Nxd5 17. Bxe5 Bxe5 18. Qxd5 {1-0 (68) Khismatullin,D (2621)-Drygalov,S (2446) St Petersburg 2018}) 11... Rb8 12. Nxc6 Bxc6 {White has an edge.} 13. Bxc6 $146 ({Predecessor:} 13. Rb1 Qd7 14. Nd5 Bxd5 15. Bxd5 a6 16. Bxf6 Bxf6 17. Qf3 c6 18. Bxc6 bxc6 19. Qxf6 {1-0 (31) Calvert,D (2034)-Bass,J (2102) Telford 2005}) 13... bxc6 14. Ne2 c5 15. Bc3 Ne4 16. Bxg7 Kxg7 17. f3 Ng5 18. Qd2 Qe7 19. e4 f5 20. Nc3 fxe4 {[#]} ({Black should play} 20... Ne6 $14) 21. Nd5 $1 $36 {[%cal Rd5e7][%mdl 2048] Black is under strong pressure.} e3 22. Qb2+ Qe5 23. Qxe5+ dxe5 24. Nxc7 (24. Nxe3 $6 e4 $14) 24... Re7 25. Nd5 {[%mdl 64] [#] Double Attack} Re6 26. Rfe1 (26. Nxe3 $6 Ra6 $16) 26... e4 27. f4 (27. Rxe3 $6 exf3 28. Rxe6 (28. gxf3 Rxe3 29. Nxe3 Nxf3+ 30. Kg2 Nh4+ 31. Kg3 Re8 $11) 28... Nxe6 $16) 27... Nf7 28. Rxe3 a5 29. Nc3 Nd6 30. g4 (30. Rd1 $18) 30... Rf8 31. Rf1 h5 32. h3 hxg4 33. hxg4 Ref6 34. Nd5 R6f7 35. Kg2 a4 36. Rh1 axb3 $2 (36... Rh8 {might work better.} 37. Rxh8 (37. bxa4 Rxh1 38. Kxh1 Ra7 $16) 37... Kxh8 38. bxa4 Kg7) 37. Reh3 $18 {White threatens Rh7+ and mate.} ({But not} 37. axb3 Rh8 $18) ({Weaker is} 37. Rxb3 Ra8 $14) 37... Rg8 38. axb3 Kf8 39. Ra1 Kg7 40. Ra6 Ne8 (40... Rd8 $142 41. Kf2 Rfd7) 41. g5 {White is clearly winning.} Nc7 42. Nxc7 Rxc7 43. Rh6 {Accuracy: White = 85%, Black = 53%.} 1-0

[Event "IM Marmaris Karia X 2019"]
[Site "Marmaris"]
[Date "2019.09.02"]
[Round "9.2"]
[White "Kizilkus, Akin"]
[Black "Rakhmangulova, Anastasiya"]
[Result "1-0"]
[WhiteElo "2376"]
[BlackElo "2204"]
[Annotator "TA"]
[PlyCount "107"]
[EventDate "2019.09.02"]
[EventType "schev"]
[EventCountry "TUR"]
[SourceTitle "playchess.com"]
[Source "ChessBase"]
[SourceQuality "1"]

{[%evp 19,107,0,12,9,16,22,26,27,25,26,37,38,25,39,87,93,90,87,83,59,76,76,81,77,94,66,69,66,147,106,143,136,139,146,125,108,127,113,109,64,94,92,97,97,92,96,124,68,69,69,69,69,70,70,70,56,157,164,334,94,95,100,112,112,112,112,212,205,272,193,1032,997,6083,2727,5293,5314,29970,29978,29976,6049,29979,29980,29980,29981,29981,29982,29982,29982,29983,29984]} 1. d4 d5 2. c4 c6 3. e3 Nf6 4. Nc3 e6 5. Nf3 Nbd7 6. Qc2 Bd6 7. b3 O-O 8. Be2 b6 9. O-O Bb7 10. Bb2 Rc8 11. Rad1 {D45: Semi-Slav: 5 e3} Qe7 12. e4 dxe4 13. Nxe4 {White has an edge.} Nxe4 14. Qxe4 Rfd8 (14... Nf6 15. Qh4 c5 16. Rfe1 Bxf3 17. Bxf3 cxd4 18. Qxd4 Rfd8 19. Qe3 {½-½ (30) So,W (2815)-Giri,A (2785) chess.com INT 2017}) 15. Bd3 Nf8 16. Rfe1 $36 {[%mdl 2048] White fights for an advantage.} Qc7 $146 {[#]} ({Predecessor:} 16... f6 17. Qg4 Qf7 18. c5 bxc5 19. Bc4 {1-0 (53) Faizrakhmanov,R (2426)-Tarasov,O (2219) Moscow 2016}) 17. Qg4 $1 Ng6 18. Qh5 {aiming for Ng5.} Be7 19. Bb1 Bf6 20. Ng5 Bxg5 21. Qxg5 b5 22. h4 bxc4 23. bxc4 c5 (23... Qe7 $14) 24. dxc5 h6 25. Qg4 Qf4 26. Qxf4 Nxf4 27. g3 Ng6 28. f4 Nf8 29. Kf2 Nd7 30. Ba3 Nf6 31. Bc2 Rxd1 32. Rxd1 Ne4+ 33. Ke3 ({White should try} 33. Bxe4 $1 $16 Bxe4 34. Ke3) 33... Nxg3 $14 34. Rd7 Bc6 35. Rxa7 Nf5+ 36. Bxf5 exf5 {[%mdl 4096] Endgame KRB-KRB} 37. Kd4 Re8 ({Black should play} 37... g5 $14 38. fxg5 (38. hxg5 hxg5 39. fxg5 f4 $14) 38... hxg5) 38. Rc7 $16 Re6 $2 (38... Re4+ 39. Kc3 Re6) 39. Bc1 $2 (39. Rc8+ $18 {is the precise move to win.} Kh7 40. Rc7) 39... Kf8 40. Kc3 Ke8 41. Kb4 Bd7 42. a4 {[%cal Ba2a4,Ba4a5][%mdl 32]} Ra6 (42... Kd8 $16 {is a better defense.} 43. Rb7 Kc8) 43. a5 $18 Kd8 44. Rb7 {Black must now prevent Bb2.} Kc8 $2 (44... Rc6 45. Be3 f6) 45. Rb6 Rxb6+ 46. cxb6 {KB-KB} Kb7 47. Kc5 Be6 {[#]} 48. a6+ $1 {[%mdl 576] Deflection} Kxa6 {[#]} 49. Kc6 $1 {White threatens b7 and mate.} Bxc4 50. b7 {White mates.} Bd5+ 51. Kxd5 Kxb7 52. Kd6 Kc8 53. Ke7 f6 54. h5 {Accuracy: White = 65%, Black = 22%.} 1-0

[Event "IM Marmaris Karia X 2019"]
[Site "Marmaris"]
[Date "2019.09.02"]
[Round "9.3"]
[White "Caglar, Sila"]
[Black "Nagy, Gabor"]
[Result "0-1"]
[WhiteElo "2242"]
[BlackElo "2484"]
[Annotator "TA"]
[PlyCount "74"]
[EventDate "2019.09.02"]
[EventType "schev"]
[EventCountry "TUR"]
[SourceTitle "playchess.com"]
[Source "ChessBase"]
[SourceQuality "1"]

{[%evp 16,74,43,36,59,27,38,33,37,24,15,0,0,-17,-10,0,0,0,-19,-16,0,-30,-25,-19,-20,-26,-16,-22,-14,-10,-7,-20,-21,-56,-51,-137,-109,-120,-104,-101,-16,-16,-16,-922,-922,-917,-910,-896,-871,-742,-714,-964,-958,-29956,-29950,-29948,-29939,-5272,-5265,-6552,-6528]} 1. e4 c5 2. Nf3 Nc6 3. d4 cxd4 4. Nxd4 Qb6 5. Nb3 Nf6 6. Nc3 e6 7. Be3 Qc7 8. Bd3 a6 9. O-O b5 {B33: Sicilian: Pelikan and Sveshnikov Variations} 10. a3 Ne5 11. f4 Nc4 {White is slightly better.} 12. Bxc4 bxc4 13. Nd4 (13. e5 cxb3 14. exf6 Bb7 15. fxg7 Bxg7 16. cxb3 Bxc3 17. bxc3 Rg8 18. Ra2 Qxc3 {0-1 (43) Yu,K (2375)-Naiditsch,A (2698) Jiangmen 2018}) 13... Bb7 14. e5 Nd5 15. Nxd5 Bxd5 16. b4 cxb3 17. cxb3 Qb7 18. Qe2 $146 ({Predecessor:} 18. Rf2) 18... g6 19. b4 Be7 20. Rfb1 O-O 21. Nb3 d6 22. exd6 Bxd6 23. Nc5 Qe7 24. Rf1 a5 25. Bd4 ({Better is} 25. Qf2 $15) 25... axb4 $17 26. axb4 Rxa1 27. Bxa1 Ra8 ({Black should try} 27... Rb8 $17 28. Nd3 Bc4) 28. Qb2 $11 {[%csl Ga1][%cal Rb2h8]} e5 $36 {[%mdl 2048] White must now prevent ...Ra2. Black has some pressure.} 29. fxe5 $2 {[%mdl 8192] [#]} (29. Qc3 $11) 29... Ra2 $1 $19 {[%cal Ra2b2]} 30. Qxa2 Bxc5+ (30... Bxa2 $2 31. exd6 Qxd6 32. Ne4 $19) 31. bxc5 Bxa2 32. Bd4 Qd7 33. Bf2 Bd5 34. Rd1 Qa4 35. Re1 {[#]} Qg4 $1 {[%csl Gd5][%cal Rg4g2]} 36. Bg3 h5 37. e6 fxe6 {Accuracy: White = 40%, Black = 67%.} 0-1

[Event "IM Marmaris Karia X 2019"]
[Site "Marmaris"]
[Date "2019.09.02"]
[Round "9.4"]
[White "Sahin, Ozgun"]
[Black "Benidze, Davit"]
[Result "1/2-1/2"]
[WhiteElo "2205"]
[BlackElo "2431"]
[Annotator "TA"]
[PlyCount "23"]
[EventDate "2019.09.02"]
[EventType "schev"]
[EventCountry "TUR"]
[SourceTitle "playchess.com"]
[Source "ChessBase"]
[SourceQuality "1"]

{[%evp 11,23,14,14,2,33,6,3,-2,16,0,4,0,25,0]} 1. e4 e5 2. Nf3 Nc6 3. Bc4 Be7 4. O-O Nf6 5. Nc3 O-O 6. d3 d6 7. Re1 {C55: Two Knights: 4 d3, 4 d4 exd4 5 e5 and Max Lange Attack} (7. a3 Bg4 8. Be3 Nd4 9. Bxd4 exd4 10. Nd5 Nxd5 11. Bxd5 c6 12. Bb3 Kh8 13. h3 Bh5 14. Re1 Bf6 15. g4 Bg6 {1-0 (68) Fressinet,L (2662)-Bu,X (2730) Riadh 2017}) 7... Re8 8. Ng5 $146 ({Predecessor:} 8. h3 Na5 9. Bd5 c6 10. Bb3 Nxb3 11. axb3 Qc7 12. Be3 b5 13. Ne2 a5 {½-½ (34) Busljeta,L-Raguz,I (1931) Nasice 2009}) 8... Rf8 $1 9. Nf3 Re8 10. Ng5 Rf8 $1 11. Nf3 Re8 12. Ng5 1/2-1/2

[Event "IM Marmaris Karia X 2019"]
[Site "Marmaris"]
[Date "2019.09.02"]
[Round "9.5"]
[White "Altun, Arda"]
[Black "Abdulov, Orkhan"]
[Result "1-0"]
[WhiteElo "2151"]
[BlackElo "2384"]
[Annotator "TA"]
[PlyCount "103"]
[EventDate "2019.09.02"]
[EventType "schev"]
[EventCountry "TUR"]
[SourceTitle "playchess.com"]
[Source "ChessBase"]
[SourceQuality "1"]

{[%evp 13,103,29,37,-30,62,0,27,0,67,51,54,43,52,40,47,52,50,44,50,46,62,54,52,61,64,0,0,0,0,0,0,0,14,0,0,-12,12,9,6,22,18,12,97,6,123,119,378,406,377,358,350,350,337,331,359,347,355,350,339,353,350,347,339,319,347,333,345,331,357,352,345,346,399,398,412,393,437,429,530,523,800,788,734,696,801,791,766,757,29981,29982,29981,29981]} 1. e4 c5 2. Nf3 e6 3. d4 cxd4 4. Nxd4 a6 5. c4 Nf6 6. Nc3 Qc7 7. Be3 Bb4 8. Nc2 {B41: Sicilian: Kan Variation: 5 c4} ({Better is} 8. Qb3 $14 Bc5 9. Be2) (8. Bd3 Nc6 9. Nxc6 bxc6 10. O-O O-O 11. c5 d5 12. cxd6 Bxd6 13. h3 c5 14. Rc1 Bb7 15. Qe2 Rfc8 16. b3 {½-½ (46) Wojtaszek,R (2729)-Bartel,M (2640) Poland 2016}) 8... Be7 ({Black should play} 8... Bxc3+ $1 $11 9. bxc3 d6) 9. Nd4 (9. f4 $14) 9... O-O 10. Be2 {White has an edge.} d6 (10... Bb4 $11) 11. O-O Nbd7 $146 ({Predecessor:} 11... b6 12. Nc2 Bb7 13. Na4 Nbd7 14. f3 Rfd8 15. Qe1 Rac8 16. Qg3 {0-1 (64) Velayudham,S (1061)-Faulkner,A (26) Bournemouth 2016}) 12. Rc1 b6 13. Qd2 Bb7 14. f3 Rfd8 15. Rfd1 Rac8 16. Bf1 Qb8 17. Qf2 g6 18. Nb3 Nc5 19. Nxc5 (19. Be2 $14) 19... dxc5 $11 20. Qg3 Qxg3 21. hxg3 Nd7 22. Rd2 f5 23. Rcd1 Bc6 24. Bf4 Bf6 25. e5 Be7 26. Nd5 exd5 27. cxd5 Ba4 {[#]} (27... Bb5 $11 28. d6 Bf8) 28. b3 (28. d6 $1 $16 {[%cal Rd6e7]} Bf8 29. b3) 28... g5 (28... Bb5 $11 {keeps the balance.}) 29. d6 $36 {[%mdl 2048] White is on the roll.} (29. Bxa6 $6 gxf4 30. Bxc8 (30. bxa4 Nxe5 31. Bxc8 Rxc8 $11) 30... Rxc8 $14) 29... gxf4 $2 {[%mdl 8192]} (29... Bf6 $16) 30. dxe7 $18 Re8 31. Bc4+ Kg7 32. bxa4 Nxe5 33. Rd8 (33. Bxa6 Rc7 $16) 33... Nc6 (33... Nxc4 34. Rxc8 Rxe7 35. gxf4) 34. Rxc8 ({Less strong is} 34. Bxa6 Rexd8 35. exd8=N (35. Rxd8 Rxd8 36. exd8=N Nxd8 $14) 35... Rxd8 $14) 34... Rxc8 35. Bxa6 {[%mdl 4096] Endgame KRB-KRN} Rb8 36. Rd7 (36. gxf4 Nxe7 37. Rd7 Kf6 $18) 36... Kf7 {[#]} 37. e8=Q+ $1 {[%mdl 512]} Kxe8 38. Rxh7 Kf8 39. Rh6 ({Much less strong is} 39. gxf4 Re8 $18) 39... Nd8 40. gxf4 Nf7 41. Rf6 Ke7 42. Rxf5 Nd6 43. Re5+ Kf6 {and the idea ...Ra8 leaves Black hopeful.} 44. Bd3 c4 45. Bc2 Ra8 46. g4 b5 47. g5+ Kf7 48. f5 b4 49. g6+ Kf8 50. f6 {And now Rh5 would win.} Rc8 51. Rh5 {[%cal Rh5h8]} Kg8 52. Rh7 {Accuracy: White = 68%, Black = 30%.} 1-0

[Event "IM Marmaris Karia X 2019"]
[Site "Marmaris"]
[Date "2019.09.02"]
[Round "10.1"]
[White "Rakhmangulova, Anastasiya"]
[Black "Tarlabasi, Emirhan"]
[Result "1/2-1/2"]
[WhiteElo "2204"]
[BlackElo "2341"]
[Annotator "ChessBase"]
[PlyCount "53"]
[EventDate "2019.09.02"]
[EventType "schev"]
[EventCountry "TUR"]
[SourceTitle "playchess.com"]
[Source "ChessBase"]
[SourceQuality "1"]
[TimeControl "5400+30"]

1. e4 {[%emt 0:00:30]} e6 {[%emt 0:00:30]} 2. d4 {[%emt 0:00:00]} d5 {[%emt 0:00:00]} 3. Bd3 {[%emt 0:00:00]} c5 {[%emt 0:01:00]} 4. exd5 {[%emt 0:00:00]} exd5 {[%emt 0:00:30]} 5. Nf3 {[%emt 0:00:00]} c4 {[%emt 0:01:30]} 6. Be2 {[%emt 0:00:00]} Bd6 {[%emt 0:00:30]} 7. O-O {[%emt 0:00:00]} Ne7 {[%emt 0:01:30]} 8. b3 {[%emt 0:00:30]} cxb3 {[%emt 0:00:30]} 9. axb3 {[%emt 0:00:00]} O-O {[%emt 0:01:30]} 10. c4 {[%emt 0:00:00]} Nbc6 {[%emt 0:00:30]} 11. Nc3 {[%emt 0:00:30]} Bg4 {[%emt 0:08:30]} 12. c5 {[%emt 0:06:30]} Bb8 {[%emt 0:03:30]} 13. h3 {[%emt 0:07:30]} Bh5 {[%emt 0:05:30]} 14. Rb1 {[%emt 0:06:30]} a6 {[%emt 0:05:30]} 15. b4 {[%emt 0:02:30]} b5 {[%emt 0:06:30]} 16. g3 {[%emt 0:16:30]} Ra7 {[%emt 0:04:30]} 17. Nh4 {[%emt 0:02:30]} Bxe2 {[%emt 0:02:30]} 18. Nxe2 {[%emt 0:00:30]} Qc8 {[%emt 0:02:30]} 19. Kg2 {[%emt 0:05:30]} Nf5 {[%emt 0:01:30]} 20. Nf3 {[%emt 0:09:30]} Re8 {[%emt 0:06:30]} 21. Nc3 {[%emt 0:06:30]} Rd7 {[%emt 0:04:30]} 22. Kh1 {[%emt 0:08:30]} Kh8 {[%emt 0:00:30]} 23. Kg2 {[%emt 0:00:00]} Kg8 {[%emt 0:00:00]} 24. Kh2 {[%emt 0:00:00]} Kh8 {[%emt 0:00:00]} 25. Kg2 {[%emt 0:00:00]} Kg8 {[%emt 0:00:30]} 26. Kh2 {[%emt 0:00:00]} Kh8 {[%emt 0:00:00]} 27. Kg2 {[%emt 0:00:00]} 1/2-1/2

[Event "IM Marmaris Karia X 2019"]
[Site "Marmaris"]
[Date "2019.09.02"]
[Round "10.2"]
[White "Nagy, Gabor"]
[Black "Kizilkus, Akin"]
[Result "1/2-1/2"]
[WhiteElo "2484"]
[BlackElo "2376"]
[Annotator "ChessBase"]
[PlyCount "28"]
[EventDate "2019.09.02"]
[EventType "schev"]
[EventCountry "TUR"]
[SourceTitle "playchess.com"]
[Source "ChessBase"]
[SourceQuality "1"]
[TimeControl "5400+30"]

1. Nf3 {[%emt 0:00:30]} Nf6 {[%emt 0:00:30]} 2. g3 {[%emt 0:00:00]} g6 {[%emt 0:00:00]} 3. b3 {[%emt 0:00:00]} Bg7 {[%emt 0:00:00]} 4. Bb2 {[%emt 0:00:30]} O-O {[%emt 0:00:00]} 5. c4 {[%emt 0:00:30]} d6 {[%emt 0:01:00]} 6. d4 {[%emt 0:00:00]} e5 {[%emt 0:00:00]} 7. dxe5 {[%emt 0:00:00]} dxe5 {[%emt 0:00:00]} 8. Nfd2 {[%emt 0:21:30]} e4 {[%emt 0:00:30]} 9. e3 {[%emt 0:04:30]} Bg4 {[%emt 0:01:30]} 10. Be2 {[%emt 0:03:30]} Bh3 {[%emt 0:01:30]} 11. Bf1 {[%emt 0:02:30]} Bg4 {[%emt 0:00:30]} 12. Be2 {[%emt 0:00:30]} Bh3 {[%emt 0:00:00]} 13. Bf1 {[%emt 0:00:00]} Bg4 {[%emt 0:00:00]} 14. Be2 {[%emt 0:00:00]} Bh3 {[%emt 0:00:00]} 1/2-1/2

[Event "IM Marmaris Karia X 2019"]
[Site "Marmaris"]
[Date "2019.09.02"]
[Round "10.4"]
[White "Abdulov, Orkhan"]
[Black "Sahin, Ozgun"]
[Result "1/2-1/2"]
[WhiteElo "2384"]
[BlackElo "2205"]
[Annotator "NA"]
[PlyCount "29"]
[EventDate "2019.09.02"]
[EventType "schev"]
[EventCountry "TUR"]
[SourceTitle "playchess.com"]
[Source "ChessBase"]
[SourceQuality "1"]
[TimeControl "5400+30"]

1. e4 {[%emt 0:03:30]} e5 {[%emt 0:00:30]} 2. Nf3 {[%emt 0:00:30]} Nc6 {[%emt 0:00:00]} 3. Bb5 {[%emt 0:00:00]} a6 {[%emt 0:00:00]} 4. Bxc6 {[%emt 0:00:00]} dxc6 {[%emt 0:00:00]} 5. O-O {[%emt 0:00:30]} Bg4 {[%emt 0:00:00]} 6. h3 {[%emt 0:00:30]} h5 {[%emt 0:00:00]} 7. c3 {[%emt 0:00:00]} Qd3 {[%emt 0:00:00]} 8. hxg4 {[%emt 0:00:00]} hxg4 {[%emt 0:00:30]} 9. Nxe5 {[%emt 0:00:00]} Bd6 {[%emt 0:00:00]} 10. Nxd3 {[%emt 0:00:00]} Bh2+ {[%emt 0:00:00]} 11. Kh1 {[%emt 0:00:30]} Bg3+ {[%emt 0:00:30]} 12. Kg1 {[%emt 0:00:30]} Bh2+ {[%emt 0:00:30]} 13. Kh1 {[%emt 0:00:30]} Bg3+ {[%emt 0:00:30]} 14. Kg1 {[%emt 0:00:30]} Bh2+ {[%emt 0:00:30]} 15. Kh1 {[%emt 0:00:00]} 1/2-1/2

[Event "IM Marmaris Karia X 2019"]
[Site "Marmaris"]
[Date "2019.09.02"]
[Round "10.5"]
[White "Darban, Morteza"]
[Black "Altun, Arda"]
[Result "1-0"]
[WhiteElo "2283"]
[BlackElo "2151"]
[Annotator "ChessBase"]
[PlyCount "53"]
[EventDate "2019.09.02"]
[EventType "schev"]
[EventCountry "TUR"]
[SourceTitle "playchess.com"]
[Source "ChessBase"]
[SourceQuality "1"]
[TimeControl "5400+30"]

1. e4 {[%emt 0:00:30]} c6 {[%emt 0:00:30]} 2. d4 {[%emt 0:01:30]} d5 {[%emt 0:00:00]} 3. Nd2 {[%emt 0:00:00]} dxe4 {[%emt 0:00:00]} 4. Nxe4 {[%emt 0:00:00]} Bf5 {[%emt 0:00:00]} 5. Nc5 {[%emt 0:00:30]} b6 {[%emt 0:06:00]} 6. Nb3 {[%emt 0:00:00]} Nf6 {[%emt 0:00:30]} 7. Nf3 {[%emt 0:00:00]} e6 {[%emt 0:00:30]} 8. g3 {[%emt 0:00:00]} Nbd7 {[%emt 0:02:30]} 9. Bg2 {[%emt 0:00:00]} Rc8 {[%emt 0:00:30]} 10. O-O {[%emt 0:00:30]} Be7 {[%emt 0:00:00]} 11. Qe2 {[%emt 0:07:30]} O-O {[%emt 0:01:00]} 12. Ne5 {[%emt 0:17:30]} Nd5 {[%emt 0:02:30]} 13. g4 {[%emt 0:14:30]} Bg6 {[%emt 0:00:30]} 14. c4 {[%emt 0:00:30]} Nb4 {[%emt 0:01:30]} 15. Nxg6 {[%emt 0:00:30]} hxg6 {[%emt 0:00:30]} 16. a3 {[%emt 0:00:00]} Na6 {[%emt 0:00:00]} 17. Bf4 {[%emt 0:00:00]} Nf6 {[%emt 0:00:00]} 18. Rad1 {[%emt 0:00:30]} Bd6 {[%emt 0:00:30]} 19. Bxd6 {[%emt 0:16:30]} Qxd6 {[%emt 0:00:30]} 20. g5 {[%emt 0:00:00]} Nh5 {[%emt 0:02:30]} 21. c5 {[%emt 0:00:00]} Qf4 {[%emt 0:02:30]} 22. Qxa6 {[%emt 0:00:30]} b5 {[%emt 0:00:30]} 23. Bxc6 {[%emt 0:11:30]} Qxg5+ {[%emt 0:00:30]} 24. Kh1 {[%emt 0:00:00]} Nf6 {[%emt 0:00:30]} 25. Bg2 {[%emt 0:02:00]} Ng4 {[%emt 0:00:30]} 26. h3 {[%emt 0:00:30]} Qh4 {[%emt 0:01:30]} 27. Kg1 {[%emt 0:00:00]} 1-0